01627cam a2200337 i 4500001000800000005001700008008004100025010001700066020002400083040001800107050001400125082001200139100002400151245022700175260018400402300003200586490003100618500001700649500002200666504003000688505031000718650002101028650001501049650001601064650001101080650001801091700002301109710005701132710006801189830003201257273755020210414114129.0780526s1978 tnua b f001 0 eng  a 78019127  a0870791117 :c$4.75 aDLCcDLCdDLC00aTP360.F8200a662/.66 aNathan, Richard A. 00aFuels from sugar crops :systems study for sugarcane, sweet sorghum, and sugar beets. /cRichard A. Nathan, editor ; Battelle Columbus Laboratories ; prepared for the Division of Solar Technology, U.S. Department of Energy. aOak Ridge, Tenn. :bTechnical Information Center, U.S. Dept. of Energy ;aSpringfield, Va. :bavailable from National Technical Information Service, U.S. Dept. of Commerce,c1978. ax, 137 p. :bill. ;c25 cm.1 aDOE critical review series a"TID-22781." aIncludes indexes. aBibliography: p. 124-129. aContents: Introduction -- Sugarcane -- Sweet sorghum -- Sugar beets -- Energy balance -- General routes from sugar crops to fuels and chemicals -- Mircobiological conversion processes -- Acid digestion -- Thermochemical conversion processes -- Selected secondary convention products -- Principal findings. 0aSynthetic fuels. 0aSugarcane. 0aSugar beet. 0aSorgo. 0aEnergy crops.1 aNathan, Richard A.2 aBattelle Memorial Institute.bColumbus Laboratories.1 aUnited States.bDept. of Energy.bDivision of Solar Technology. 0aDOE critical review series.